NBA Year in Review: 2012–13 - Statistics

General Stats
  • This quiz has been taken 55 times
  • The average score is 8 of 14
Answer Stats
Hint Answer % Correct
Most Valuable Player LeBron James
100%
Finals MVP LeBron James
100%
All-Star Game MVP Chris Paul
72%
Steals Per Game Leader Chris Paul
72%
Rebounds Per Game Leader Dwight Howard
66%
Points Per Game Leader Carmelo Anthony
60%
Assists Per Game Leader Rajon Rondo
54%
Triple-Doubles Leader Rajon Rondo
54%
Defensive Player of the Year Marc Gasol
50%
Rookie of the Year Damian Lillard
46%
Most Improved Player Paul George
32%
Blocks Per Game Leader Serge Ibaka
28%
Coach of the Year George Karl
24%
Sixth Man of the Year J. R. Smith
14%
No matching quizzes found
Score Distribution
Percent of People with Each Score
Percentile by Number Answered
Your Score History
You have not taken this quiz